Chelsea Women Squad 2025/26 - Statistics

General Stats
  • This quiz has been taken 17 times
    7 since last reset
  • The average score is 20 of 31
Answer Stats
Nr. Player % Correct
33 Aggie Beever-Jones
100%
2 Ellie Carpenter
100%
8 Erin Cuthbert
100%
11 Guro Reiten
100%
24 Hannah Hampton
100%
30 Keira Walsh
100%
1 Livia Peng
100%
22 Lucy Bronze
100%
7 Mayra Ramirez
100%
20 Sam Kerr
100%
6 Sjoeke Nüsken
100%
Coach Sonia Bompastor
100%
12 Alyssa Thompson
50%
9 Catarina Macario
50%
42 Chloe Sarwie
50%
19 Johanna Rytting Kaneryd
50%
26 Kadeisha Buchanan
50%
10 Lauren James
50%
32 Lexi Potter
50%
23 Maika Hamano
50%
29 Mara Alber
50%
4 Millie Bright
50%
16 Naomi Girma
50%
14 Nathalie Björn
50%
21 Niamh Charles
50%
17 Sandy Baltimore
50%
5 Veerle Buurman
50%
18 Wieke Kaptein
50%
38 Becky Spencer
0%
28 Femke Liefting
0%
40 Katie Cox
0%
No matching quizzes found
Score Distribution
Percent of People with Each Score
Percentile by Number Answered
Your Score History
You have not taken this quiz since the last reset